[Event "Niederbayernliga 1011"]
[Site "Germany"]
[Date "2011.03.20"]
[Round "8.5"]
[White "Niedermeier, Johann"]
[Black "Putz, Andreas"]
[Result "1-0"]
[WhiteElo "1759"]
[BlackElo "1595"]
[PlyCount "62"]
[EventDate "2010.10.10"]
[EventType "team-tourn"]
[EventRounds "9"]
[EventCountry "GER"]
[SourceTitle "EXT 2012"]
[Source "ChessBase"]
[SourceDate "2011.11.24"]
[SourceVersion "1"]
[SourceVersionDate "2011.11.24"]
[SourceQuality "1"]
[WhiteTeam "Geiselhoering"]
[BlackTeam "Simbach"]
[WhiteTeamCountry "GER"]
[BlackTeamCountry "GER"]

1. d4 d5 2. c4 dxc4 3. Nc3 e6 4. e3 Nf6 5. Bxc4 a6 6. a3 Bd6 7. Nf3 b5 8. Bd3 Bb7 9. e4 Be7 10. Be3 0-0 11. Qc2 h6 12. Rc1 Nbd7 13. 0-0 Rc8 14. b4 c6 15. Qd2 Ng4 16. Bf4 g5 17. Bg3 f5 18. exf5 exf5 19. h3 f4 20. Bh2 Nxh2 21. Nxh2 Bd6 22. Ne4 Bc7 23. Qa2+ Kg7 24. Rfe1 a5 25. Qb2 Kg8 26. Qb3+ Kg7 27. Re2 Re8 28. Rce1 Nf6 29. Nc5 Rxe2 30. Rxe2 a4 31. Qa2 Qd7 1-0

[Event "Niederbayernliga 1011"]
[Site "Germany"]
[Date "2011.02.27"]
[Round "7.7"]
[White "Koenigl, Anton"]
[Black "Putz, Andreas"]
[Result "1-0"]
[WhiteElo "1707"]
[BlackElo "1595"]
[PlyCount "59"]
[EventDate "2010.10.10"]
[EventType "team-tourn"]
[EventRounds "9"]
[EventCountry "GER"]
[SourceTitle "EXT 2012"]
[Source "ChessBase"]
[SourceDate "2011.11.24"]
[SourceVersion "1"]
[SourceVersionDate "2011.11.24"]
[SourceQuality "1"]
[WhiteTeam "Ergolding"]
[BlackTeam "Simbach"]
[WhiteTeamCountry "GER"]
[BlackTeamCountry "GER"]

1. c4 e5 2. Nc3 Nf6 3. g3 Bc5 4. Bg2 c6 5. Nf3 e4 6. Ng1 d5 7. cxd5 cxd5 8. d3 Ng4 9. e3 Qf6 10. Nh3 0-0 11. 0-0 Qh6 12. Nxd5 Nc6 13. dxe4 Nge5 14. Nhf4 g5 15. Nd3 Bh3 16. Nxc5 Ng4 17. Bxh3 Qxh3 18. Qxg4 Qxg4 19. Nf6+ Kg7 20. Nxg4 h5 21. Nf6 h4 22. Nfd7 Rfd8 23. b3 b6 24. Bb2+ Kh6 25. Bf6 Re8 26. Nd3 Rxe4 27. Rac1 Ne7 28. Bxe7 Rxe7 29. Rc6+ Kh5 30. Nf6+ 1-0

[Event "Niederbayernliga 1011"]
[Site "Germany"]
[Date "2010.11.14"]
[Round "3.7"]
[White "Hannes, Maximilian Jr"]
[Black "Putz, Andreas"]
[Result "0-1"]
[WhiteElo "1491"]
[BlackElo "1595"]
[PlyCount "62"]
[EventDate "2010.10.10"]
[EventType "team-tourn"]
[EventRounds "9"]
[EventCountry "GER"]
[SourceTitle "EXT 2012"]
[Source "ChessBase"]
[SourceDate "2011.11.24"]
[SourceVersion "1"]
[SourceVersionDate "2011.11.24"]
[SourceQuality "1"]
[WhiteTeam "Bayerwald"]
[BlackTeam "Simbach"]
[WhiteTeamCountry "GER"]
[BlackTeamCountry "GER"]

1. d4 d5 2. Bf4 Nc6 3. Nf3 Bf5 4. c3 Nf6 5. e3 a6 6. Be2 Ne4 7. 0-0 f6 8. h3 h5 9. Nh4 Be6 10. Ng6 Rh7 11. Bxh5 Bf7 12. Bh2 e5 13. f4 exd4 14. exd4 f5 15. g4 Qf6 16. Nxf8 Kxf8 17. Bxf7 Qxf7 18. Qf3 fxg4 19. hxg4 Ke7 20. Re1 Rah8 21. Re2 Kd7 22. Nd2 Rh3 23. Qf1 Ng3 24. Bxg3 Rh1+ 25. Kg2 Rxf1 26. Rxf1 Qg6 27. g5 Ne7 28. Nf3 Qh5 29. Rfe1 Nf5 30. Ne5+ Kc8 31. Nf3 Qh3+ 0-1

[Event "Niederbayernliga 0910"]
[Site "Germany"]
[Date "2009.10.18"]
[Round "1.6"]
[White "Putz, Andreas"]
[Black "Grimm, Markus"]
[Result "0-1"]
[WhiteElo "1359"]
[BlackElo "1865"]
[PlyCount "54"]
[EventDate "2009.10.18"]
[EventType "team-tourn"]
[EventRounds "9"]
[EventCountry "GER"]
[SourceTitle "EXT 2011"]
[Source "ChessBase"]
[SourceDate "2010.11.26"]
[SourceVersion "1"]
[SourceVersionDate "2010.11.26"]
[SourceQuality "1"]
[WhiteTeam "Simbach"]
[BlackTeam "Straubing"]
[WhiteTeamCountry "GER"]
[BlackTeamCountry "GER"]

1. e4 e5 2. Nf3 Nc6 3. Bc4 Bc5 4. Nc3 Nf6 5. d3 d6 6. Be3 Nd4 7. h3 0-0 8. 0-0 Nxf3+ 9. Qxf3 Bxe3 10. fxe3 c6 11. Rf2 a5 12. a4 Qe7 13. Raf1 Be6 14. b3 Bxc4 15. bxc4 Nd7 16. d4 Rac8 17. Rb1 Rc7 18. Qg3 Qe6 19. d5 Qe7 20. Rd2 Nc5 21. Rbd1 Rd7 22. Rb1 Qd8 23. Rf1 Qb6 24. Rb1 Qa6 25. dxc6 bxc6 26. Qf2 Qxc4 27. Qe2 Qxc3 0-1